[Event "Asia-chT (Women) 16th"]
[Site "Guangzhou"]
[Date "2010.11.20"]
[Round "3"]
[White "Pham, Le Thao Nguyen"]
[Black "Paridar, Shadi"]
[Result "1-0"]
[WhiteElo "2337"]
[BlackElo "2253"]
[PlyCount "97"]
[EventDate "2010.11.18"]
[EventType "team-swiss"]
[EventRounds "9"]
[EventCountry "CHN"]
[SourceTitle "CBM 139 Extra"]
[Source "ChessBase"]
[SourceDate "2011.01.05"]
[SourceVersion "1"]
[SourceVersionDate "2011.01.05"]
[SourceQuality "1"]
[WhiteTeam "Vietnam (W)"]
[BlackTeam "Iran (W)"]
[WhiteTeamCountry "VIE"]
[BlackTeamCountry "IRI"]

1. d4 Nf6 2. c3 e6 3. Bf4 b6 4. e3 Bb7 5. Nd2 c5 6. h3 Be7 7. Ngf3 cxd4 8. exd4 0-0 9. Bd3 d6 10. 0-0 Nbd7 11. Re1 a6 12. Qe2 Re8 13. Rad1 Nf8 14. Bg3 Nh5 15. Be4 Bxe4 16. Nxe4 d5 17. Ne5 Nxg3 18. Nxg3 Bd6 19. f4 f6 20. Nd3 Qc7 21. Qf2 Rac8 22. Re3 Qf7 23. Rde1 f5 24. Qe2 Qg6 25. Nf1 Qh6 26. Qf2 Re7 27. Nd2 b5 28. Nb3 Nd7 29. R1e2 Kf7 30. Qe1 Rce8 31. Na5 Nb8 32. Qf1 Rc7 33. g4 fxg4 34. hxg4 Kg8 35. Qf3 Rf7 36. f5 Nd7 37. Nc6 g6 38. Rxe6 Rxe6 39. Rxe6 Qh2+ 40. Kf1 gxf5 41. g5 Kg7 42. Nf2 Nf8 43. Rf6 Rxf6 44. gxf6+ Kg6 45. Ne7+ Kf7 46. Nxf5 Ne6 47. Qxd5 Bg3 48. Qd7+ Kg6 49. Nxg3 1-0

[Event "Asia-chT (Women) 16th"]
[Site "Guangzhou"]
[Date "2010.11.19"]
[Round "2"]
[White "Paridar, Shadi"]
[Black "Ju, Wenjun"]
[Result "1/2-1/2"]
[WhiteElo "2253"]
[BlackElo "2524"]
[PlyCount "48"]
[EventDate "2010.11.18"]
[EventType "team-swiss"]
[EventRounds "9"]
[EventCountry "CHN"]
[SourceTitle "CBM 139 Extra"]
[Source "ChessBase"]
[SourceDate "2011.01.05"]
[SourceVersion "1"]
[SourceVersionDate "2011.01.05"]
[SourceQuality "1"]
[WhiteTeam "Iran (W)"]
[BlackTeam "China (W)"]
[WhiteTeamCountry "IRI"]
[BlackTeamCountry "CHN"]

1. e4 c5 2. c3 Nf6 3. e5 Nd5 4. d4 cxd4 5. Nf3 Nc6 6. cxd4 d6 7. Bc4 Nb6 8. Bb5 e6 9. Nc3 Be7 10. 0-0 0-0 11. Qe2 Bd7 12. Bd3 Nb4 13. exd6 Bxd6 14. Bxh7+ Kxh7 15. Ng5+ Kg6 16. Nce4 Qc7 17. Nxd6 Qxd6 18. Ne4 Qd5 19. Qg4+ Kh7 20. Nf6+ gxf6 21. Qh4+ Kg7 22. Qg3+ Kh7 23. Qh4+ Kg7 24. Qg3+ Kh7 1/2-1/2

[Event "Asia rap (Women) 16th"]
[Site "Guangzhou"]
[Date "2010.11.16"]
[Round "8"]
[White "Paridar, Shadi"]
[Black "Nakhbayeva, Guliskhan"]
[Result "1-0"]
[WhiteElo "2253"]
[BlackElo "2209"]
[PlyCount "121"]
[EventDate "2010.11.13"]
[EventType "swiss"]
[EventRounds "9"]
[EventCountry "CHN"]
[SourceTitle "EXT 2011"]
[Source "ChessBase"]
[SourceDate "2010.11.26"]
[SourceVersion "1"]
[SourceVersionDate "2010.11.26"]
[SourceQuality "1"]

1. e4 e5 2. Bc4 Nf6 3. d3 Bc5 4. Nf3 Nc6 5. Nbd2 0-0 6. Bb3 d5 7. exd5 Nxd5 8. Ne4 Be7 9. 0-0 h6 10. h3 Be6 11. Re1 Kh7 12. Ba4 f6 13. c3 Qd7 14. d4 exd4 15. Nxd4 Bf7 16. Nxc6 bxc6 17. c4 Nb6 18. Qxd7 Nxd7 19. Bxc6 Rad8 20. Bf4 Ne5 21. Bxe5 fxe5 22. c5 Rd4 23. a3 a5 24. Rac1 Bb3 25. Re2 Rfd8 26. Kh2 a4 27. Ng3 Bg5 28. Rce1 Bd2 29. Rg1 Bf4 30. Be4+ g6 31. h4 h5 32. Kh1 Kg7 33. Bf3 Be3 34. Ne4 Bh6 35. Ree1 Rc4 36. g3 Rc2 37. Re2 Rc4 38. Ree1 Rdd4 39. Kg2 Rc2 40. Bd1 Rxb2 41. Bxb3 Rxb3 42. Ng5 Kf6 43. Nh7+ Kf5 44. Re2 Rxa3 45. Rge1 e4 46. Ng5 Bxg5 47. hxg5 Rc3 48. Ra2 Rxc5 49. f3 exf3+ 50. Kxf3 Kxg5 51. Kg2 Rc3 52. Re5+ Kg4 53. Re6 Rxg3+ 54. Kh2 g5 55. Re5 Rh3+ 56. Kg1 Rhd3 57. Ree2 a3 58. Rf2 Rg3+ 59. Kh2 Rb4 60. Rac2 Rb2 61. Rc4# 1-0

[Event "Asia rap (Women) 16th"]
[Site "Guangzhou"]
[Date "2010.11.15"]
[Round "7"]
[White "Geldyeva, Mekhri"]
[Black "Paridar, Shadi"]
[Result "1/2-1/2"]
[WhiteElo "2279"]
[BlackElo "2253"]
[PlyCount "127"]
[EventDate "2010.11.13"]
[EventType "swiss"]
[EventRounds "9"]
[EventCountry "CHN"]
[SourceTitle "EXT 2011"]
[Source "ChessBase"]
[SourceDate "2010.11.26"]
[SourceVersion "1"]
[SourceVersionDate "2010.11.26"]
[SourceQuality "1"]

1. d4 Nf6 2. e3 e6 3. Bd3 c5 4. c3 b6 5. Qe2 Bb7 6. f4 d6 7. Nf3 Be7 8. 0-0 Ne4 9. Qc2 f5 10. Nbd2 d5 11. Ne5 0-0 12. Rf3 Qc8 13. Rh3 Nd7 14. Qd1 Ndf6 15. Ndf3 Ba6 16. Nd2 Bxd3 17. Nxd3 Ng4 18. Nxe4 dxe4 19. Ne5 Nxe5 20. fxe5 Qe8 21. Bd2 cxd4 22. exd4 f4 23. Qb3 Qg6 24. Rf1 e3 25. Be1 Rad8 26. Rhf3 Bg5 27. Qd1 Qe4 28. Qe2 Bh6 29. h4 Rf5 30. Qc4 Qd5 31. Qxd5 Rxd5 32. g4 fxg3 33. Rxf5 exf5 34. Rxf5 e2 35. Kg2 Bc1 36. b3 g6 37. Rf3 b5 38. Rd3 Bf4 39. Rf3 Bxe5 40. dxe5 Rd1 41. Bxg3 e1Q 42. Bxe1 Rxe1 43. Rd3 Rd1 44. Rf3 Re1 45. Rd3 Rxe5 46. Rd8+ Kf7 47. Rd7+ Re7 48. Rxe7+ Kxe7 49. Kf3 Kd6 50. Kf4 h6 51. Ke4 Kc5 52. Ke5 a5 53. a3 a4 54. bxa4 bxa4 55. Kf6 g5 56. hxg5 hxg5 57. Kxg5 Kc4 58. Kf4 Kxc3 59. Ke3 Kb3 60. Kd2 Kxa3 61. Kc1 Ka2 62. Kc2 Ka1 63. Kc1 a3 64. Kc2 1/2-1/2

[Event "Asia rap (Women) 16th"]
[Site "Guangzhou"]
[Date "2010.11.13"]
[Round "2"]
[White "Paridar, Shadi"]
[Black "Zhao, Xue"]
[Result "0-1"]
[WhiteElo "2253"]
[BlackElo "2474"]
[PlyCount "88"]
[EventDate "2010.11.13"]
[EventType "swiss"]
[EventRounds "9"]
[EventCountry "CHN"]
[SourceTitle "EXT 2011"]
[Source "ChessBase"]
[SourceDate "2010.11.26"]
[SourceVersion "1"]
[SourceVersionDate "2010.11.26"]
[SourceQuality "1"]

1. Nf3 e5 2. e4 Nc6 3. Bb5 Nge7 4. c3 a6 5. Ba4 g6 6. d4 exd4 7. cxd4 b5 8. Bb3 Bg7 9. 0-0 0-0 10. Nc3 d6 11. h3 Na5 12. Bc2 c5 13. Bg5 h6 14. Bf4 Nc4 15. Rb1 Nc6 16. dxc5 dxc5 17. Nd5 Bb7 18. Qc1 g5 19. Bh2 Nb4 20. Nxb4 cxb4 21. Qe1 Qe7 22. Nd2 Rfe8 23. Nxc4 bxc4 24. f4 Bxe4 25. Bxe4 Qxe4 26. Qxb4 Rab8 27. Qa4 Bxb2 28. Kh1 g4 29. hxg4 c3 30. Qxe4 Rxe4 31. f5 Rc8 32. Rbe1 Rxe1 33. Rxe1 c2 34. Bf4 c1Q 35. Bxc1 Bxc1 36. Kg1 Kg7 37. Kf2 Rc4 38. Kf3 Bg5 39. Re2 Rc3+ 40. Ke4 Rg3 41. Kd5 Rxg4 42. Kc5 Ra4 43. Kd6 Kf6 44. Rf2 Bh4 0-1

[Event "Olympiad Women-39"]
[Site "Khanty-Mansiysk"]
[Date "2010.09.29"]
[Round "8.11"]
[White "Paridar, Shadi"]
[Black "Cosma, Elena Luminita"]
[Result "1/2-1/2"]
[WhiteElo "2242"]
[BlackElo "2360"]
[PlyCount "98"]
[EventDate "2010.09.21"]
[EventType "team-swiss"]
[EventRounds "11"]
[EventCountry "RUS"]
[SourceTitle "CBM 139"]
[Source "ChessBase"]
[SourceDate "2010.11.18"]
[SourceVersion "1"]
[SourceVersionDate "2010.11.18"]
[SourceQuality "1"]
[WhiteTeam "Iran (W)"]
[BlackTeam "Romania (W)"]
[WhiteTeamCountry "IRI"]
[BlackTeamCountry "ROU"]

1. e4 e6 2. d4 d5 3. Nd2 a6 4. c3 c5 5. dxc5 Bxc5 6. Bd3 Nf6 7. Qe2 Nc6 8. Ngf3 0-0 9. 0-0 Ba7 10. Bc2 Re8 11. h3 h6 12. Rd1 Qc7 13. Re1 Bd7 14. e5 Nh7 15. Nb3 f5 16. h4 Rac8 17. Be3 Bxe3 18. Qxe3 Qd8 19. Nc5 Rc7 20. Rad1 Qe7 21. Nb3 Rd8 22. Qc5 Be8 23. Qxe7 Rxe7 24. Nfd4 g5 25. hxg5 hxg5 26. Nc5 Nxd4 27. Rxd4 Nf8 28. Bb3 Rc8 29. Nd3 Bb5 30. Nc1 Ng6 31. a4 Bc4 32. Bc2 a5 33. Bd3 Rh7 34. Bxc4 Rxc4 35. Nb3 Rh4 36. Nxa5 Rhxd4 37. cxd4 Rxa4 38. Nxb7 Rxd4 39. Nd8 Nf8 40. Rb1 Rb4 41. f3 Rb8 42. Nc6 Rb6 43. Nd4 Kf7 44. Rc1 Rxb2 45. Rc7+ Kg6 46. Nc6 f4 47. Ne7+ Kh6 48. Ng8+ Kg6 49. Ne7+ Kh6 1/2-1/2

[Event "Negroponte op"]
[Site "Chalkis"]
[Date "2010.08.13"]
[Round "5"]
[White "Neverov, Valeriy"]
[Black "Paridar, Shadi"]
[Result "1-0"]
[WhiteElo "2544"]
[BlackElo "2264"]
[PlyCount "83"]
[EventDate "2010.08.09"]
[EventType "swiss"]
[EventRounds "9"]
[EventCountry "GRE"]
[SourceTitle "CBM 137 Extra"]
[Source "ChessBase"]
[SourceDate "2010.09.01"]
[SourceVersion "1"]
[SourceVersionDate "2010.09.01"]
[SourceQuality "1"]

1. d4 d5 2. c4 e6 3. Nc3 Be7 4. cxd5 exd5 5. Bf4 Nf6 6. e3 Bf5 7. Qb3 Nc6 8. a3 Na5 9. Qa2 0-0 10. b4 Nc6 11. Nf3 Bxb4 12. axb4 Nxb4 13. Qb2 Nc2+ 14. Kd2 Nxa1 15. Bd3 Ne4+ 16. Ke2 c6 17. Rxa1 a5 18. Bxe4 dxe4 19. Nd2 b5 20. Ncxe4 Bxe4 21. Nxe4 Qd5 22. f3 b4 23. Rb1 Rfe8 24. Nc5 Re7 25. Kd2 Rd8 26. Rc1 Ra7 27. Na4 Qb5 28. Qb3 Re8 29. Ke1 Qf5 30. Kf2 h6 31. Rc5 Qd7 32. Qc4 Re6 33. e4 Qb7 34. d5 cxd5 35. exd5 Re8 36. d6 Rf8 37. Rc7 Qa6 38. Qxa6 Rxa6 39. d7 b3 40. Rc8 Ra8 41. Rxa8 Rxa8 42. Bc7 1-0

[Event "Negroponte op"]
[Site "Chalkis"]
[Date "2010.08.10"]
[Round "2"]
[White "Paridar, Shadi"]
[Black "Gupta, Abhijeet"]
[Result "1/2-1/2"]
[WhiteElo "2264"]
[BlackElo "2587"]
[PlyCount "107"]
[EventDate "2010.08.09"]
[EventType "swiss"]
[EventRounds "9"]
[EventCountry "GRE"]
[SourceTitle "CBM 137 Extra"]
[Source "ChessBase"]
[SourceDate "2010.09.01"]
[SourceVersion "1"]
[SourceVersionDate "2010.09.01"]
[SourceQuality "1"]

1. e4 c5 2. c3 d5 3. exd5 Qxd5 4. d4 Nf6 5. Nf3 Bg4 6. Nbd2 Nc6 7. Bc4 Bxf3 8. Qb3 Na5 9. Qb5+ Qd7 10. Nxf3 Nxc4 11. Qxc4 cxd4 12. Nxd4 e6 13. Bg5 Rc8 14. Qb3 Bc5 15. Bxf6 gxf6 16. 0-0-0 0-0 17. Nc2 Qc7 18. Qc4 Qe5 19. Qg4+ Kh8 20. Rhe1 Rg8 21. Qf3 Qg5+ 22. Kb1 Rc7 23. g3 f5 24. Rd3 Qg4 25. Qg2 b5 26. f3 Qg5 27. Qe2 Qf6 28. Red1 a6 29. f4 Rgc8 30. Rd7 Kg7 31. Ne1 Rxd7 32. Rxd7 Rd8 33. Qd3 Rxd7 34. Qxd7 Qh6 35. Nf3 Qf6 36. Kc2 Qe7 37. Qxe7 Bxe7 38. Kd3 f6 39. Nd4 Kf7 40. c4 b4 41. Nf3 Bc5 42. Nh4 Ke7 43. b3 Kd6 44. Ke2 a5 45. Kd3 Bb6 46. Ke2 Bd4 47. Kd3 Bb2 48. Ke2 Kc5 49. Kd3 Bc3 50. Ke3 a4 51. Kd3 a3 52. Ke3 Bd4+ 53. Kd3 Bc3 54. Ke3 1/2-1/2

[Event "Asian Indoor Games 3rd Prelim"]
[Site "Ha Long City"]
[Date "2009.11.06"]
[Round "8"]
[White "Paridar, Shadi"]
[Black "Pham, Le Thao Nguyen"]
[Result "0-1"]
[WhiteElo "2242"]
[BlackElo "2295"]
[PlyCount "106"]
[EventDate "2009.11.05"]
[EventType "team (rapid)"]
[EventRounds "9"]
[EventCountry "VIE"]
[SourceTitle "CBM 133 Extra"]
[Source "ChessBase"]
[SourceDate "2010.01.05"]
[SourceVersion "1"]
[SourceVersionDate "2010.01.05"]
[SourceQuality "1"]

1. e4 Nf6 2. e5 Nd5 3. d4 d6 4. c4 Nb6 5. exd6 cxd6 6. Nc3 g6 7. Be3 Bg7 8. Rc1 0-0 9. b3 Nc6 10. Nf3 Bg4 11. Be2 d5 12. c5 Nc8 13. h3 Bxf3 14. Bxf3 e6 15. 0-0 N8e7 16. Ne2 h6 17. Qd2 Kh7 18. Rfd1 Nf5 19. b4 a6 20. a4 Qf6 21. Ra1 Rfd8 22. Bg4 Nce7 23. Bf4 Nxd4 24. Nxd4 e5 25. Be3 exd4 26. Bxd4 Qxd4 27. Qxd4 Bxd4 28. Rxd4 Nc6 29. Rf4 Kg7 30. Rb1 f5 31. b5 axb5 32. axb5 Ne5 33. Be2 d4 34. Rd1 Ra4 35. Bf3 Nxf3+ 36. Rxf3 Rc4 37. c6 bxc6 38. bxc6 Rxc6 39. Rfd3 Rc4 40. f4 Kf6 41. Kf2 Rd6 42. h4 h5 43. R1d2 Ke6 44. Re2+ Kd5 45. Red2 Rdc6 46. g3 R6c5 47. Ke2 Rb4 48. Ra2 Ke4 49. Rad2 Rc3 50. Rd1 Rxd3 51. Rxd3 Rb2+ 52. Rd2 Rxd2+ 53. Kxd2 Kf3 0-1

[Event "Olympiad Women-38"]
[Site "Dresden"]
[Date "2008.11.23"]
[Round "10"]
[White "Wagener, Anna"]
[Black "Paridar, Shadi"]
[Result "1/2-1/2"]
[WhiteElo "2246"]
[BlackElo "2248"]
[PlyCount "69"]
[EventDate "2008.11.13"]
[EventType "team-swiss"]
[EventRounds "11"]
[EventCountry "GER"]
[SourceTitle "CBM 128"]
[Source "ChessBase"]
[SourceDate "2009.01.28"]
[SourceVersion "1"]
[SourceVersionDate "2009.01.28"]
[SourceQuality "1"]
[WhiteTeam "Luxembourg (W)"]
[BlackTeam "Iran (W)"]
[WhiteTeamCountry "LUX"]
[BlackTeamCountry "IRI"]

1. e4 c5 2. d3 e6 3. g3 d5 4. Bg2 Nc6 5. f4 Be7 6. c3 dxe4 7. dxe4 Qxd1+ 8. Kxd1 b6 9. Be3 Bb7 10. Nd2 Nf6 11. h3 0-0-0 12. Kc2 Ba6 13. Bf1 Bb7 14. Bg2 Na5 15. Re1 Ne8 16. Ngf3 Nd6 17. Bf2 Ndc4 18. Rd1 Rd7 19. Rhe1 f6 20. Bf1 Nxd2 21. Nxd2 Rhd8 22. h4 g6 23. h5 f5 24. hxg6 hxg6 25. Bb5 Bc6 26. Bxc6 Nxc6 27. exf5 exf5 28. Re6 Rd6 29. Rxd6 Rxd6 30. Re1 Kd7 31. Nf3 Re6 32. Kd3 Rd6+ 33. Kc2 Re6 34. Kd3 Rd6+ 35. Kc2 1/2-1/2

[Event "Olympiad Women-38"]
[Site "Dresden"]
[Date "2008.11.21"]
[Round "8"]
[White "Chirivi Castiblanco, Jenny Astrid"]
[Black "Paridar, Shadi"]
[Result "1/2-1/2"]
[WhiteElo "2175"]
[BlackElo "2248"]
[PlyCount "131"]
[EventDate "2008.11.13"]
[EventType "team-swiss"]
[EventRounds "11"]
[EventCountry "GER"]
[SourceTitle "CBM 128"]
[Source "ChessBase"]
[SourceDate "2009.01.28"]
[SourceVersion "1"]
[SourceVersionDate "2009.01.28"]
[SourceQuality "1"]
[WhiteTeam "Columbia (W)"]
[BlackTeam "Iran (W)"]
[WhiteTeamCountry "COL"]
[BlackTeamCountry "IRI"]

1. d4 d5 2. c4 e6 3. Nc3 c6 4. e3 Nf6 5. Nf3 Nbd7 6. Qc2 Bd6 7. Bd3 dxc4 8. Bxc4 0-0 9. 0-0 e5 10. dxe5 Nxe5 11. Nxe5 Bxe5 12. f4 Bc7 13. Kh1 Ng4 14. Qe2 b5 15. Bb3 Bb6 16. Bd2 a5 17. a3 Qh4 18. g3 Qh3 19. Ne4 h6 20. Rae1 Rd8 21. Bc1 c5 22. Kg1 Ba6 23. Qg2 Qxg2+ 24. Kxg2 Bb7 25. Kh3 Bxe4 26. Kxg4 c4 27. Bd1 Rd5 28. Kh3 b4 29. axb4 axb4 30. Bf3 Bxf3 31. Rxf3 Rd3 32. Kg2 c3 33. Rf2 Ra1 34. Rfe2 Bxe3 35. Rxe3 Rxe3 36. Rxe3 Rxc1 37. bxc3 b3 38. Re8+ Kh7 39. Rb8 Rxc3 40. f5 h5 41. h4 f6 42. Kh3 Rd3 43. Rb7 Kg8 44. Kg2 Rd2+ 45. Kf3 b2 46. g4 hxg4+ 47. Kxg4 Kf8 48. Kh5 Ke8 49. Kg6 Kd8 50. h5 Kc8 51. Rb3 Rg2+ 52. Kf7 Kd7 53. Rb8 Kd6 54. Rb5 Kc6 55. Rb8 Kd5 56. Rb5+ Kd4 57. Rb3 Ke5 58. Rb5+ Ke4 59. Kf8 Rg5 60. Rxb2 Kxf5 61. Kf7 Rxh5 62. Kxg7 Ke6 63. Rb6+ Ke7 64. Rb7+ Ke6 65. Rb6+ Ke7 66. Rb7+ 1/2-1/2

[Event "Olympiad Women-38"]
[Site "Dresden"]
[Date "2008.11.14"]
[Round "2"]
[White "Paridar, Shadi"]
[Black "Zhukova, Natalia"]
[Result "0-1"]
[WhiteElo "2248"]
[BlackElo "2488"]
[PlyCount "114"]
[EventDate "2008.11.13"]
[EventType "team-swiss"]
[EventRounds "11"]
[EventCountry "GER"]
[SourceTitle "CBM 128"]
[Source "ChessBase"]
[SourceDate "2009.01.28"]
[SourceVersion "1"]
[SourceVersionDate "2009.01.28"]
[SourceQuality "1"]
[WhiteTeam "Iran (W)"]
[BlackTeam "Ukraine (W)"]
[WhiteTeamCountry "IRI"]
[BlackTeamCountry "UKR"]

1. e4 e6 2. d4 d5 3. Nd2 a6 4. Bd3 c5 5. c3 Nc6 6. Ngf3 Nf6 7. 0-0 cxd4 8. cxd4 dxe4 9. Nxe4 Be7 10. a3 0-0 11. Be3 Nd5 12. Qe2 b6 13. Rfe1 Bb7 14. Rad1 Qc7 15. Neg5 g6 16. Nh3 Bf6 17. Bh6 Rfe8 18. Bb1 Bg7 19. Bxg7 Kxg7 20. Ne5 f6 21. Nc4 Rad8 22. Qg4 Bc8 23. Qf3 Bb7 24. Qg4 b5 25. Ne3 Nxe3 26. fxe3 e5 27. d5 Na5 28. e4 Nc4 29. Qe2 Nd6 30. Rf1 Bc8 31. Qf3 Rf8 32. Qg3 b4 33. Nf2 Qb6 34. Rc1 a5 35. Rfd1 Bd7 36. Kh1 Rc8 37. Rxc8 Rxc8 38. Ng4 Qd4 39. Qf3 Bxg4 40. Qxg4 f5 41. Qe2 Nxe4 42. Bxe4 Qxe4 43. Qf1 Rc4 44. h3 Rd4 45. d6 bxa3 46. bxa3 Qd5 47. Rxd4 exd4 48. Qa6 Kf6 49. Qa7 Qxd6 50. Qxa5 d3 51. Qc3+ Kf7 52. Qb3+ Kf8 53. Qc3 d2 54. Qh8+ Kf7 55. Qxh7+ Kf6 56. Qh8+ Kg5 57. h4+ Kg4 0-1

[Event "WMSG Rapid Team 1st (Women)"]
[Site "Beijing"]
[Date "2008.10.14"]
[Round "2"]
[White "Paridar, Shadi"]
[Black "Sachdev, Tania"]
[Result "0-1"]
[WhiteElo "2248"]
[BlackElo "2425"]
[PlyCount "88"]
[EventDate "2008.10.14"]
[EventType "team (rapid)"]
[EventRounds "9"]
[EventCountry "CHN"]
[SourceTitle "CBM 126 Extra"]
[Source "ChessBase"]
[SourceDate "2008.11.05"]
[SourceVersion "1"]
[SourceVersionDate "2008.11.05"]
[SourceQuality "1"]

1. e4 c5 2. c3 d5 3. exd5 Qxd5 4. d4 e6 5. Nf3 Nf6 6. Be3 cxd4 7. cxd4 Bb4+ 8. Nc3 Nc6 9. Bd3 0-0 10. 0-0 Bxc3 11. bxc3 h6 12. Qd2 Ne4 13. Qc2 Nd6 14. c4 Qh5 15. Rab1 Ne7 16. h3 Ndf5 17. Kh2 Nh4 18. Ne5 f5 19. Be2 Qe8 20. g3 Nhg6 21. Bh5 b6 22. Bc1 Rf6 23. Ba3 Qd8 24. Nxg6 Nxg6 25. d5 Bb7 26. Bb2 exd5 27. Bxf6 Qxf6 28. Bxg6 Qxg6 29. c5 Qc6 30. Qxf5 d4 31. f3 bxc5 32. Rbc1 Rc8 33. Rf2 c4 34. Rd2 Qd6 35. Qb5 Ba6 36. Qf5 c3 37. Rf2 d3 38. f4 Bb7 39. Qb5 Qd5 40. Qxd5+ Bxd5 41. Rff1 d2 42. Ra1 c2 43. a4 c1Q 44. Rfxc1 dxc1Q 0-1

[Event "WMSG Blitz Team 1st (Women)"]
[Site "Beijing"]
[Date "2008.10.13"]
[Round "6"]
[White "Berezina, Irina"]
[Black "Paridar, Shadi"]
[Result "1-0"]
[WhiteElo "2252"]
[BlackElo "2248"]
[PlyCount "131"]
[EventDate "2008.10.13"]
[EventType "team (blitz)"]
[EventRounds "11"]
[EventCountry "CHN"]
[SourceTitle "CBM 126 Extra"]
[Source "ChessBase"]
[SourceDate "2008.11.05"]
[SourceVersion "1"]
[SourceVersionDate "2008.11.05"]
[SourceQuality "1"]

1. Nf3 d5 2. g3 c5 3. Bg2 Nc6 4. 0-0 Nf6 5. d3 g6 6. Nbd2 Bg7 7. e4 0-0 8. Re1 e5 9. c3 Re8 10. Qc2 h6 11. h3 Be6 12. a4 Qd7 13. Kh2 a6 14. Nf1 b5 15. Bd2 c4 16. exd5 Nxd5 17. dxc4 bxc4 18. Ne3 Nxe3 19. Bxe3 Bf5 20. Qc1 Kh7 21. Nh4 Be6 22. Rd1 Qc7 23. a5 Nxa5 24. Bxa8 Nb3 25. Qb1 Nxa1 26. Be4 f5 27. Nxf5 gxf5 28. Bxf5+ Bxf5 29. Qxf5+ Kh8 30. Rxa1 Qc6 31. Qh5 Rb8 32. Rd1 a5 33. Rd2 a4 34. Qf7 a3 35. bxa3 Kh7 36. Qd5 Qg6 37. Qxc4 Rb1 38. Qd3 Qxd3 39. Rxd3 Rb3 40. Bc5 e4 41. Rd7 Kg6 42. Bb4 Rb2 43. Kg1 Be5 44. c4 e3 45. fxe3 Bxg3 46. Bc3 Bf2+ 47. Kf1 Rc2 48. Rg7+ Kh5 49. Bd4 Bh4 50. c5 Bg5 51. Rb7 Rc1+ 52. Ke2 Kh4 53. a4 Kxh3 54. a5 Kg3 55. a6 Rc2+ 56. Kd3 Ra2 57. a7 h5 58. c6 h4 59. c7 h3 60. Be5+ Kg2 61. c8Q Bh4 62. Qg4+ Kf1 63. Qxh3+ Kg1 64. Rb1+ Be1 65. Rxe1+ Kf2 66. Qf1# 1-0

[Event "WMSG Blitz Team 1st (Women)"]
[Site "Beijing"]
[Date "2008.10.13"]
[Round "5"]
[White "Paridar, Shadi"]
[Black "Hoang, Thi Nhu Y"]
[Result "0-1"]
[WhiteElo "2248"]
[BlackElo "2127"]
[PlyCount "152"]
[EventDate "2008.10.13"]
[EventType "team (blitz)"]
[EventRounds "11"]
[EventCountry "CHN"]
[SourceTitle "CBM 126 Extra"]
[Source "ChessBase"]
[SourceDate "2008.11.05"]
[SourceVersion "1"]
[SourceVersionDate "2008.11.05"]
[SourceQuality "1"]

1. e4 c6 2. d4 d5 3. exd5 cxd5 4. c4 Nf6 5. Nc3 e6 6. Nf3 Be7 7. cxd5 Nxd5 8. Bd3 a6 9. 0-0 0-0 10. a3 b5 11. Qe2 Nf6 12. Bg5 Bb7 13. Rad1 Nbd7 14. Rfe1 Nb6 15. Bb1 Re8 16. Ne5 Bf8 17. Ne4 Nbd5 18. Qd3 g6 19. Qf3 Be7 20. Bh6 Rb8 21. Ng5 Nc7 22. Qh3 Qd5 23. Ngxf7 b4 24. a4 b3 25. Ng5 Bb4 26. Re2 Re7 27. Ne4 Nxe4 28. Bxe4 Qd8 29. Bxb7 Rxb7 30. Nc6 Qd6 31. Nxe7+ Qxe7 32. Qf3 Nd5 33. h3 Bd6 34. Qd3 Qd7 35. Be3 Qxa4 36. Rc1 Qd7 37. Qxa6 Ra7 38. Qd3 Ra2 39. Qxb3 Ra6 40. Qc4 Ra8 41. Bh6 Bf4 42. Rce1 Bxh6 43. Rxe6 Kh8 44. R6e5 Rd8 45. Rxd5 Qxd5 46. Re8+ Kg7 47. Qc7+ Rd7 48. Re7+ Rxe7 49. Qxe7+ Kg8 50. Qe8+ Bf8 51. Qe3 Bg7 52. Qe8+ Bf8 53. Qe3 Qb5 54. b3 Bg7 55. Qe6+ Kf8 56. Qc8+ Qe8 57. Qc5+ Qe7 58. Qf5+ gxf5 59. d5 Qd6 60. b4 Qxb4 61. g3 Qd6 62. h4 Qxd5 63. h5 h6 64. g4 fxg4 65. f3 gxf3 66. Kf2 Qxh5 67. Kg3 Be5+ 68. Kf2 Qg4 69. Ke3 Bd4+ 70. Kd3 f2 71. Kc4 Ba7+ 72. Kd5 Ke7 73. Ke5 Qe6+ 74. Kf4 f1Q+ 75. Kg3 Bb8+ 76. Kh4 Qeh3# 0-1

[Event "WMSG Blitz Team 1st (Women)"]
[Site "Beijing"]
[Date "2008.10.13"]
[Round "9"]
[White "Paridar, Shadi"]
[Black "Reizniece Ozola, Dana"]
[Result "1-0"]
[WhiteElo "2248"]
[BlackElo "2335"]
[PlyCount "44"]
[EventDate "2008.10.13"]
[EventType "team (blitz)"]
[EventRounds "11"]
[EventCountry "CHN"]
[SourceTitle "CBM 126 Extra"]
[Source "ChessBase"]
[SourceDate "2008.11.05"]
[SourceVersion "1"]
[SourceVersionDate "2008.11.05"]
[SourceQuality "1"]

1. e4 d6 2. d4 Nf6 3. Nc3 g6 4. g3 Bg7 5. Bg2 0-0 6. Nge2 c6 7. a4 Qc7 8. 0-0 e5 9. h3 Re8 10. Be3 a5 11. g4 Na6 12. Ng3 Nb4 13. f4 Be6 14. b3 exf4 15. Bxf4 h6 16. Qd2 Kh7 17. Rad1 Rad8 18. g5 Ng8 19. gxh6 Bxh6 20. Bxh6 Nxh6 21. d5 cxd5 22. exd5 Bf5 1-0

[Event "WMSG Blitz Team 1st (Women)"]
[Site "Beijing"]
[Date "2008.10.13"]
[Round "3"]
[White "Paridar, Shadi"]
[Black "Ziogaite, Jovita"]
[Result "1-0"]
[WhiteElo "2248"]
[BlackElo "2093"]
[PlyCount "45"]
[EventDate "2008.10.13"]
[EventType "team (blitz)"]
[EventRounds "11"]
[EventCountry "CHN"]
[SourceTitle "CBM 126 Extra"]
[Source "ChessBase"]
[SourceDate "2008.11.05"]
[SourceVersion "1"]
[SourceVersionDate "2008.11.05"]
[SourceQuality "1"]

1. e4 c5 2. c3 d5 3. exd5 Qxd5 4. d4 cxd4 5. cxd4 e6 6. Nc3 Bb4 7. Nf3 Nc6 8. Bd3 Nf6 9. 0-0 Bxc3 10. bxc3 0-0 11. Qe2 b6 12. Bg5 Ne8 13. Be4 Qd6 14. Bxc6 Qxc6 15. Be7 Qxc3 16. Bxf8 Kxf8 17. Qe4 Rb8 18. Qxh7 Bb7 19. Ne5 Qxd4 20. Rfe1 Rc8 21. Rad1 Qa4 22. Qh8+ Ke7 23. Qf8+ 1-0

[Event "World University-ch (Women) 10th"]
[Site "Novokuznetsk"]
[Date "2008.03.09"]
[Round "8"]
[White "Paridar, Shadi"]
[Black "Ankhchimeg, Bayanmunkh"]
[Result "0-1"]
[WhiteElo "2225"]
[BlackElo "2245"]
[PlyCount "75"]
[EventDate "2008.03.04"]
[EventType "team"]
[EventRounds "9"]
[EventCountry "RUS"]
[SourceTitle "CBM 123 Extra"]
[Source "ChessBase"]
[SourceDate "2008.05.06"]
[SourceVersion "1"]
[SourceVersionDate "2008.05.06"]
[SourceQuality "1"]

1. e4 c5 2. c3 d5 3. exd5 Qxd5 4. d4 Nf6 5. Nf3 e6 6. Be3 cxd4 7. cxd4 Nc6 8. Nc3 Qd6 9. a3 Be7 10. Bd3 0-0 11. 0-0 b6 12. Qe2 Bb7 13. Rad1 Rac8 14. Bb1 Rfd8 15. Rfe1 a6 16. d5 exd5 17. Bxb6 Re8 18. Qd3 Nb8 19. Bd4 Nbd7 20. Ng5 h6 21. Nf3 Bf8 22. Nh4 g6 23. Ba2 Bg7 24. Nf3 Rxe1+ 25. Rxe1 Nc5 26. Qd1 Nce4 27. Ne5 Rc7 28. f3 Ng5 29. Nd3 Ng4 30. Re8+ Kh7 31. fxg4 Bxd4+ 32. Kh1 Bxc3 33. bxc3 Rxc3 34. Qf1 Qd7 35. Re3 d4 36. Ne5 Qb5 37. Re2 Qxe2 38. Qd1 0-1